Ανά τον Ελικώνα : (βαλλίσματα)
Αποθηκεύτηκε σε:
| Κύριος συγγραφέας: | |
|---|---|
| Άλλοι συγγραφείς: | |
| Μορφή: | Βιβλίο |
| Γλώσσα: | Greek |
| Δημοσίευση: |
Εν Αθήναις :
Ελευθερουδάκης,
[c1930]
|
| Σειρά: | Γράμματα - Επιστήμαι - Τέχναι (Ελευθερουδάκης)
; 7 |
| Θέματα: | |
| Ετικέτες: |
Προσθήκη ετικέτας
Δεν υπάρχουν, Καταχωρήστε ετικέτα πρώτοι!
|
MARC
| LEADER | 00000cam a2200000 i 4500 | ||
|---|---|---|---|
| 001 | 1/92436 | ||
| 008 | 080827s1930 gr | ||| |||| ||gre|| | ||
| 035 | |l 10099627 | ||
| 040 | |a GR-MY-UA |b gre |e aacr | ||
| 041 | 0 | |a gre | |
| 082 | 0 | |a 889.1 |2 (22) | |
| 100 | 1 | |a Βιζυηνός, Γεώργιος Μ., |d 1849-1896. | |
| 245 | 1 | 0 | |a Ανά τον Ελικώνα : |b (βαλλίσματα) / |c Γεωργ. Βιζυηνού ; πρόλογος Γ. Τσοκόπουλου |
| 260 | |a Εν Αθήναις : |b Ελευθερουδάκης, |c [c1930] | ||
| 300 | |a 143 σ.; |c 17 εκ. | ||
| 490 | 1 | |a Γράμματα - επιστήμαι - τέχναι |v ; 7 | |
| 650 | 0 | 0 | |a Greek poetry, Modern. |
| 650 | 0 | 0 | |a Ballads |x History and criticism. |
| 700 | 1 | |a Τσοκόπουλος, Γεώργιος |d 1871-1923. |4 aui | |
| 830 | 0 | |a Γράμματα - Επιστήμαι - Τέχναι (Ελευθερουδάκης) |v ; 7 | |
| 852 | |a INST |b RHODES |c AKA |e 20080827 |h 889.1 ΒΙΖ |p 005400027436 |q 005400027436 |t BK |y 0 | ||
| 901 | |a BIBL4-2008-2 | ||
| 909 | |a Ρ |b 152769 | ||
| 970 | |a ΧΑΡΙΟΠΟΛΙΤΟΥ |b ΚΩΝΣΤΑΝΤΙΝΑ |z 2008/08/27 | ||